<?xml version="1.0" encoding="UTF-8"?>
<record
    xmlns:xsi="http://www.w3.org/2001/XMLSchema-instance"
    xsi:schemaLocation="http://www.loc.gov/MARC21/slim http://www.loc.gov/standards/marcxml/schema/MARC21slim.xsd"
    xmlns="http://www.loc.gov/MARC21/slim">

  <leader>00542nam a2200193Ia 4500</leader>
  <controlfield tag="005">20251120191647.0</controlfield>
  <controlfield tag="008">230125s9999    xx            000 0 und d</controlfield>
  <datafield tag="020" ind1=" " ind2=" ">
    <subfield code="a">978-81-317-0008-2</subfield>
  </datafield>
  <datafield tag="041" ind1=" " ind2=" ">
    <subfield code="a">eng</subfield>
  </datafield>
  <datafield tag="082" ind1=" " ind2=" ">
    <subfield code="a">158.1</subfield>
    <subfield code="b">TEM</subfield>
  </datafield>
  <datafield tag="100" ind1=" " ind2=" ">
    <subfield code="a">Templar R</subfield>
    <subfield code="9">215183</subfield>
  </datafield>
  <datafield tag="245" ind1=" " ind2=" ">
    <subfield code="a">The Rules of Work : The Definitive Code for Personal Success</subfield>
  </datafield>
  <datafield tag="260" ind1=" " ind2=" ">
    <subfield code="c">2009</subfield>
    <subfield code="b">Pearson Education</subfield>
    <subfield code="a">New Delhi</subfield>
  </datafield>
  <datafield tag="300" ind1=" " ind2=" ">
    <subfield code="a">219p</subfield>
  </datafield>
  <datafield tag="500" ind1=" " ind2=" ">
    <subfield code="a">Personality Development</subfield>
  </datafield>
  <datafield tag="650" ind1=" " ind2=" ">
    <subfield code="a">Personality Development</subfield>
    <subfield code="9">213420</subfield>
  </datafield>
  <datafield tag="700" ind1=" " ind2=" ">
    <subfield code="a">Templar R</subfield>
    <subfield code="9">215183</subfield>
  </datafield>
  <datafield tag="942" ind1=" " ind2=" ">
    <subfield code="c">DB</subfield>
  </datafield>
  <datafield tag="999" ind1=" " ind2=" ">
    <subfield code="c">92799</subfield>
    <subfield code="d">92799</subfield>
  </datafield>
  <datafield tag="952" ind1=" " ind2=" ">
    <subfield code="0">0</subfield>
    <subfield code="1">0</subfield>
    <subfield code="4">0</subfield>
    <subfield code="7">0</subfield>
    <subfield code="a">HIMR</subfield>
    <subfield code="b">HIMR</subfield>
    <subfield code="d">2009-03-19</subfield>
    <subfield code="e">Satya Gilani</subfield>
    <subfield code="l">1</subfield>
    <subfield code="o">158.1 TEM DB1473</subfield>
    <subfield code="p">HIMR-DB-1473</subfield>
    <subfield code="r">2025-02-27 00:00:00</subfield>
    <subfield code="s">2025-02-21</subfield>
    <subfield code="w">2009-03-18</subfield>
    <subfield code="y">DB</subfield>
    <subfield code="z">DB1473</subfield>
  </datafield>
</record>
